Systém manažérstva bezpečnostnej ochrany v leteckej doprave
Security Management System (SeMS) - systém manažérstva bezpečnostnej ochrany v leteckej doprave vo svete a na Slovensku. Význam implementácie SeMS. Charakteristiky SeMS. Integrácia systémov.
Gespeichert in:
| 1. Verfasser: | |
|---|---|
| Format: | Buchkapitel |
| Sprache: | Slowakisch |
| Schlagworte: | |
| Tags: |
Keine Tags, Fügen Sie das erste Tag hinzu!
|
MARC
| LEADER | 00000naa a2200000 4500 | ||
|---|---|---|---|
| 001 | 0250163 | ||
| 005 | 20190115144416.7 | ||
| 041 | 0 | |a slo | |
| 044 | |a SK | ||
| 245 | 1 | 0 | |a Systém manažérstva bezpečnostnej ochrany v leteckej doprave |c Marian Schmidt |
| 520 | |a Security Management System (SeMS) - systém manažérstva bezpečnostnej ochrany v leteckej doprave vo svete a na Slovensku. Význam implementácie SeMS. Charakteristiky SeMS. Integrácia systémov. | ||
| 610 | 2 | 0 | |a doprava letecká |
| 610 | 2 | 0 | |a doprava letecká osobná |
| 610 | 2 | 0 | |a bezpečnosť dopravy |
| 610 | 2 | 0 | |a systémy riadenia |
| 610 | 2 | 0 | |a systémy bezpečnostné |
| 610 | 2 | 0 | |a systémy kvality |
| 100 | 1 | |a Schmidt, Marian | |